<?xml version="1.0" encoding="UTF-8"?><?xml-stylesheet type="text/xsl" href="static/style.xsl"?><OAI-PMH xmlns="http://www.openarchives.org/OAI/2.0/" xmlns:xsi="http://www.w3.org/2001/XMLSchema-instance" xsi:schemaLocation="http://www.openarchives.org/OAI/2.0/ http://www.openarchives.org/OAI/2.0/OAI-PMH.xsd"><responseDate>2026-05-16T22:10:08Z</responseDate><request verb="GetRecord" identifier="oai:repisalud.isciii.es:20.500.12105/23185" metadataPrefix="marc">https://repisalud.isciii.es/rest/oai/request</request><GetRecord><record><header><identifier>oai:repisalud.isciii.es:20.500.12105/23185</identifier><datestamp>2024-11-29T02:26:32Z</datestamp><setSpec>com_20.500.12105_15322</setSpec><setSpec>com_20.500.12105_2051</setSpec><setSpec>col_20.500.12105_16967</setSpec></header><metadata><record xmlns="http://www.loc.gov/MARC21/slim" xmlns:dcterms="http://purl.org/dc/terms/" xmlns:doc="http://www.lyncode.com/xoai" xmlns:xsi="http://www.w3.org/2001/XMLSchema-instance" xsi:schemaLocation="http://www.loc.gov/MARC21/slim http://www.loc.gov/standards/marcxml/schema/MARC21slim.xsd">
   <leader>00925njm 22002777a 4500</leader>
   <datafield ind2=" " ind1=" " tag="042">
      <subfield code="a">dc</subfield>
   </datafield>
   <datafield ind2=" " ind1=" " tag="720">
      <subfield code="a">Bover-Bauza, Catalina</subfield>
      <subfield code="e">author</subfield>
   </datafield>
   <datafield ind2=" " ind1=" " tag="720">
      <subfield code="a">Osona Rodríguez, Borja</subfield>
      <subfield code="e">author</subfield>
   </datafield>
   <datafield ind2=" " ind1=" " tag="720">
      <subfield code="a">Antonio Gil, Jose</subfield>
      <subfield code="e">author</subfield>
   </datafield>
   <datafield ind2=" " ind1=" " tag="720">
      <subfield code="a">Peña-Zarza, Jose Antonio</subfield>
      <subfield code="e">author</subfield>
   </datafield>
   <datafield ind2=" " ind1=" " tag="720">
      <subfield code="a">Figuerola Mulet, Joan</subfield>
      <subfield code="e">author</subfield>
   </datafield>
   <datafield ind2=" " ind1=" " tag="260">
      <subfield code="c">2021-11</subfield>
   </datafield>
   <datafield ind2=" " ind1=" " tag="520">
      <subfield code="a">Introduccion: La neumonia necrotizante (NN) es una complicacion grave de la neumonia adquirida en la comunidad caracterizada por la destruccion del parenquima pulmonar normal. Ningun estudio ha evaluado las consecuencias de este dano pulmonar en los anos posteriores al episodio. El objetivo es investigar el impacto a largo plazo sobre la funcion pulmonar y los sintomas respiratorios en ninos ingresados por NN. Metodos: Seguimiento de ninos diagnosticados de NN desde enero-2003 hasta abril-2016. Se selecciono a los mayores de 4 anos, capaces de realizar una funcion pulmonar, y un seguimiento durante mas de 2 anos. Los pacientes recibieron un cuestionario respiratorio y completaron una prueba de funcion pulmonar. Resultados: Se incluyeron 24 pacientes (12 hombres). La edad mediana en el momento del diagnostico fue de 26 meses, 15 dias de hospitalizacion y 18 pacientes necesitaron drenaje pleural. Los pacientes fueron seguidos durante un promedio de 8,75 anos despues de la NN. Durante la evaluacion, ningun paciente tuvo asma, tos o sintomatologia inducida por el ejercicio. Tres ninos sufrieron una segunda neumonia, que no requirio hospitalizacion. Los resultados de la espirometria fueron (media +/- desviacion estandar): Z-score FEV1 -0,47 +/- 0,65, Z-score FVC -0,56 +/- 0,73, Z-score FEV1/FVC 0,19 +/- 0,98. No hubo evidencia de enfermedad pulmonar obstructiva o patrones restrictivos. Conclusiones: Los resultados a largo plazo de la NN pediatrica son buenos. Sin embargo, los pacientes tienen una funcion pulmonar ligeramente disminuida varios anos despues del episodio. Es aconsejable hacer un seguimiento de estos pacientes debido a la posible disminucion de la funcion pulmonar en edad adulta. (c) 2021 Asociacion Espanola de Pediatria. Publicado por Elsevier Espana, S.L.U. Este es un articulo Open Access bajo la licencia CC BY-NC-ND (http://creativecommons.org/licenses/bync-nd/4.0/).</subfield>
   </datafield>
   <datafield ind1="8" ind2=" " tag="024">
      <subfield code="a">Bover-Bauza C, Osona B, Gil JA, Pena-Zarza JA, Figuerola J. Resultados a largo plazo de la neumonia necrotizante. An Pediatr. 2021 Nov;95(5):298-306.</subfield>
   </datafield>
   <datafield ind1="8" ind2=" " tag="024">
      <subfield code="a">10.1016/j.anpedi.2020.04.034</subfield>
   </datafield>
   <datafield ind1="8" ind2=" " tag="024">
      <subfield code="a">1696-4608</subfield>
   </datafield>
   <datafield ind1="8" ind2=" " tag="024">
      <subfield code="a">1695-4033</subfield>
   </datafield>
   <datafield ind1="8" ind2=" " tag="024">
      <subfield code="a">Anales de Pediatria</subfield>
   </datafield>
   <datafield ind1="8" ind2=" " tag="024">
      <subfield code="a">https://hdl.handle.net/20.500.13003/19794</subfield>
   </datafield>
   <datafield ind1="8" ind2=" " tag="024">
      <subfield code="a">34776098</subfield>
   </datafield>
   <datafield ind1="8" ind2=" " tag="024">
      <subfield code="a">L2008354661</subfield>
   </datafield>
   <datafield ind1="8" ind2=" " tag="024">
      <subfield code="a">2-s2.0-85092906162</subfield>
   </datafield>
   <datafield ind1="8" ind2=" " tag="024">
      <subfield code="a">https://hdl.handle.net/20.500.12105/23185</subfield>
   </datafield>
   <datafield ind1="8" ind2=" " tag="024">
      <subfield code="a">726530200003</subfield>
   </datafield>
   <datafield tag="653" ind2=" " ind1=" ">
      <subfield code="a">Neumonia</subfield>
   </datafield>
   <datafield tag="653" ind2=" " ind1=" ">
      <subfield code="a">Necrotizante</subfield>
   </datafield>
   <datafield tag="653" ind2=" " ind1=" ">
      <subfield code="a">Funcion pulmonar</subfield>
   </datafield>
   <datafield tag="653" ind2=" " ind1=" ">
      <subfield code="a">Ninos</subfield>
   </datafield>
   <datafield ind2="0" ind1="0" tag="245">
      <subfield code="a">Resultados a largo plazo de la neumonia necrotizante</subfield>
   </datafield>
</record></metadata></record></GetRecord></OAI-PMH>